[Event "105th British-ch 2018"]
[Site "Hull"]
[Date "2018.08.02"]
[Round "6"]
[White "Thurlow, Kevin J"]
[Black "Jarmany, John"]
[Result "1/2-1/2"]
[WhiteElo "2030"]
[BlackElo "2110"]
[Annotator "NA"]
[PlyCount "61"]
[EventDate "2018.07.28"]
[EventType "swiss"]
[EventCountry "GBR"]
[SourceTitle "playchess.com"]
[Source "ChessBase"]
[SourceQuality "1"]
[TimeControl "40/5400+30:1800+30"]

1. c4 {[%emt 0:00:00]} c6 {[%emt 0:00:05]} 2. e4 {[%emt 0:00:00]} d5 {[%emt 0:00:04]} 3. exd5 {[%emt 0:00:00]} cxd5 {[%emt 0:00:05]} 4. cxd5 {[%emt 0:00:11]} Nf6 {[%emt 0:00:03]} 5. Nc3 {[%emt 0:00:08]} Nxd5 {[%emt 0:00:43]} 6. Bc4 {[%emt 0:00:55]} Nb6 {[%emt 0:00:17]} 7. Bb3 {[%emt 0:00:14]} Nc6 {[%emt 0:00:23]} 8. Nf3 {[%emt 0:00:51]} Bf5 {[%emt 0:00:10]} 9. d4 {[%emt 0:00:42]} e6 {[%emt 0:00:05]} 10. O-O {[%emt 0:00:13]} Be7 {[%emt 0:00:08]} 11. Bf4 {[%emt 0:05:37]} O-O {[%emt 0:00:22]} 12. d5 {[%emt 0:03:41]} Nxd5 {[%emt 0:01:39]} 13. Nxd5 {[%emt 0:02:15]} exd5 {[%emt 0:00:04]} 14. Qxd5 {[%emt 0:00:20]} Qxd5 {[%emt 0:00:30]} 15. Bxd5 {[%emt 0:00:08]} Bf6 {[%emt 0:03:07]} 16. Bxc6 {[%emt 0:00:33]} bxc6 {[%emt 0:00:02]} 17. Rac1 {[%emt 0:00:13]} Bxb2 {[%emt 0:03:54]} 18. Rxc6 {[%emt 0:00:11]} Be4 {[%emt 0:00:13]} 19. Rc7 {[%emt 0:00:16]} Bxf3 {[%emt 0:02:13]} 20. gxf3 {[%emt 0:00:02]} Bd4 {[%emt 0:29:09]} 21. Rd1 {[%emt 0:02:48]} Rfd8 {[%emt 0:00:26]} 22. Be3 {[%emt 0:00:49]} Bb6 {[%emt 0:06:12]} 23. Rxd8+ {[%emt 0:00:24]} Rxd8 {[%emt 0:00:03]} 24. Bxb6 {[%emt 0:00:15]} axb6 {[%emt 0:00:04]} 25. Rb7 {[%emt 0:00:17]} Ra8 {[%emt 0:00:08]} 26. Rxb6 {[%emt 0:00:08]} g6 {[%emt 0:00:02]} 27. Rb2 {[%emt 0:00:15]} Ra3 {[%emt 0:00:02]} 28. Kg2 {[%emt 0:00:38]} Kg7 {[%emt 0:00:01]} 29. Kg3 {[%emt 0:00:52]} h5 {[%emt 0:01:04]} 30. h4 {[%emt 0:01:52]} Kf6 {[%emt 0:04:41]} 31. Kf4 {[%emt 0:05:50] Ke5+ [%emt 00:05:54] Ke4+} 1/2-1/2

[Event "105th British-ch 2018"]
[Site "Hull"]
[Date "2018.08.02"]
[Round "6"]
[White "Jamroz, Krzysztof"]
[Black "Jackson, Sheila"]
[Result "0-1"]
[WhiteElo "2026"]
[BlackElo "2072"]
[Annotator "NA"]
[PlyCount "82"]
[EventDate "2018.07.28"]
[EventType "swiss"]
[EventCountry "GBR"]
[SourceTitle "playchess.com"]
[Source "ChessBase"]
[SourceQuality "1"]
[TimeControl "40/5400+30:1800+30"]

1. e4 {[%emt 0:00:00]} e6 {[%emt 0:00:00]} 2. d4 {[%emt 0:00:00]} d5 {[%emt 0:00:00]} 3. Nd2 {[%emt 0:00:30]} dxe4 {[%emt 0:10:23]} 4. Nxe4 {[%emt 0:00:11]} Nf6 {[%emt 0:00:06]} 5. Bd3 {[%emt 0:01:09]} Nbd7 {[%emt 0:05:03]} 6. Nf3 {[%emt 0:02:09]} Be7 {[%emt 0:04:23]} 7. O-O {[%emt 0:01:10]} Nxe4 {[%emt 0:01:51]} 8. Bxe4 {[%emt 0:00:06]} Nf6 {[%emt 0:00:10]} 9. Bd3 {[%emt 0:00:06]} O-O {[%emt 0:00:11]} 10. Qe2 $14 {[%emt 0:00:47]} b6 {[%emt 0:09:53]} 11. Rd1 {[%emt 0:02:05]} Bb7 {[%emt 0:00:49]} 12. c4 {[%emt 0:04:48]} a5 {[%emt 0:01:47]} 13. Bf4 {[%emt 0:02:15]} Kh8 {[%emt 0:04:13]} 14. Rac1 {[%emt 0:05:20]} Bxf3 {[%emt 0:09:49]} 15. Qxf3 {[%emt 0:00:06]} Qxd4 {[%emt 0:02:33]} 16. Bxh7 {[%emt 0:00:22]} Qc5 {[%emt 0:00:39]} 17. Bb1 {[%emt 0:03:57]} Rad8 {[%emt 0:02:36]} 18. Qh3+ {[%emt 0:35:41]} Kg8 {[%emt 0:01:22]} 19. Rxd8 {[%emt 0:01:54]} Rxd8 {[%emt 0:02:02]} 20. g4 {[%emt 0:03:07]} g6 {[%emt 0:15:22]} 21. b3 {[%emt 0:20:54]} Ne8 {[%emt 0:09:09]} 22. Re1 {[%emt 0:01:46]} Bf6 {[%emt 0:00:57]} 23. g5 {[%emt 0:02:50]} Bd4 {[%emt 0:06:41]} 24. Bxg6 {[%emt 0:02:51]} fxg6 {[%emt 0:00:55]} 25. Qxe6+ {[%emt 0:01:08]} Kh7 {[%emt 0:04:27]} 26. Qh3+ {[%emt 0:02:09]} Kg8 {[%emt 0:00:22]} 27. Re2 {[%emt 0:02:03]} Qf5 {[%emt 0:01:08]} 28. Qg3 {[%emt 0:00:29]} Nd6 {[%emt 0:03:39]} 29. h4 {[%emt 0:00:28]} Rf8 {[%emt 0:01:41]} 30. Bxd6 {[%emt 0:01:12]} cxd6 {[%emt 0:00:01]} 31. Kg2 {[%emt 0:00:28]} Be5 {[%emt 0:00:46]} 32. Qe3 {[%emt 0:00:47]} Qg4+ {[%emt 0:00:20]} 33. Kf1 {[%emt 0:00:07]} Qxh4 {[%emt 0:00:08]} 34. Rd2 {[%emt 0:00:43]} Qf4 {[%emt 0:00:39]} 35. Qd3 {[%emt 0:00:50]} Qxg5 {[%emt 0:00:25]} 36. Qd5+ {[%emt 0:00:06]} Rf7 {[%emt 0:00:23]} 37. Rd3 {[%emt 0:00:27]} Kg7 {[%emt 0:00:15]} 38. Rh3 {[%emt 0:00:45]} Qf5 {[%emt 0:00:57]} 39. Qg2 {[%emt 0:02:01]} Qb1+ {[%emt 0:00:15]} 40. Ke2 {[%emt 0:00:01]} Qxa2+ {[%emt 0:00:33]} 41. Kd1 {[%emt 0:31:28]} Qxf2 {[%emt 0:30:33]} 0-1

[Event "105th British-ch 2018"]
[Site "Hull"]
[Date "2018.08.02"]
[Round "6"]
[White "Iyengar, Ilya"]
[Black "Tozer, Philip"]
[Result "1/2-1/2"]
[WhiteElo "2017"]
[BlackElo "2142"]
[Annotator "NA"]
[PlyCount "34"]
[EventDate "2018.07.28"]
[EventType "swiss"]
[EventCountry "GBR"]
[SourceTitle "playchess.com"]
[Source "ChessBase"]
[SourceQuality "1"]
[TimeControl "40/5400+30:1800+30"]

1. d4 {[%emt 0:00:00]} e6 {[%emt 0:00:00]} 2. Nf3 {[%emt 0:00:00]} Nf6 {[%emt 0:00:00]} 3. Bg5 {[%emt 0:00:05]} c5 {[%emt 0:00:00]} 4. e3 {[%emt 0:00:34]} cxd4 {[%emt 0:00:05]} 5. exd4 {[%emt 0:00:05]} b6 {[%emt 0:00:07]} 6. Bd3 {[%emt 0:01:14]} Bb7 {[%emt 0:00:06]} 7. O-O {[%emt 0:00:19]} Be7 {[%emt 0:00:21]} 8. Re1 {[%emt 0:05:11]} O-O {[%emt 0:00:39]} 9. Nbd2 {[%emt 0:06:18]} d6 {[%emt 0:00:43]} 10. c4 {[%emt 0:01:43]} Nbd7 {[%emt 0:01:10]} 11. a3 {[%emt 0:01:45]} h6 {[%emt 0:03:28]} 12. Bf4 {[%emt 0:09:43]} Re8 {[%emt 0:19:59]} 13. b4 {[%emt 0:15:08]} Bf8 {[%emt 0:03:03]} 14. Qb3 {[%emt 0:04:13]} Nh5 {[%emt 0:18:43]} 15. Be3 {[%emt 0:04:37]} Nhf6 {[%emt 0:03:43]} 16. Bf4 {[%emt 0:17:21]} Nh5 {[%emt 0:08:08]} 17. Be3 {[%emt 0:00:33]} Nhf6 {[%emt 0:01:02]} 1/2-1/2

[Event "105th British-ch 2018"]
[Site "Hull"]
[Date "2018.08.02"]
[Round "6"]
[White "Burke, Mitchell R"]
[Black "Wall, Tim P"]
[Result "0-1"]
[WhiteElo "1988"]
[BlackElo "2234"]
[Annotator "NA"]
[PlyCount "41"]
[EventDate "2018.07.28"]
[EventType "swiss"]
[EventCountry "GBR"]
[SourceTitle "playchess.com"]
[Source "ChessBase"]
[SourceQuality "1"]
[TimeControl "40/5400+30:1800+30"]

1. e4 {[%emt 0:00:00]} e5 {[%emt 0:00:34]} 2. f4 {[%emt 0:03:00]} Nc6 {[%emt 0:04:52]} 3. Bc4 {[%emt 0:06:39]} exf4 {[%emt 0:08:45]} 4. Nf3 {[%emt 0:04:02]} g5 {[%emt 0:15:38]} 5. O-O {[%emt 0:13:32]} d6 {[%emt 0:06:28]} 6. Nc3 {[%emt 0:19:00]} Bg7 {[%emt 0:02:23]} 7. d4 {[%emt 0:08:14]} h6 {[%emt 0:03:05]} 8. Nd5 {[%emt 0:13:30]} Nge7 {[%emt 0:03:27]} 9. c3 {[%emt 0:03:59]} Ng6 {[%emt 0:10:41]} 10. Qe2 {[%emt 0:09:01]} Bg4 {[%emt 0:05:59]} 11. h3 {[%emt 0:03:28]} Be6 {[%emt 0:00:15]} 12. Re1 {[%emt 0:05:13]} O-O {[%emt 0:11:42]} 13. Nh2 {[%emt 0:04:53]} Na5 {[%emt 0:01:53]} 14. Bd3 {[%emt 0:00:26]} c6 {[%emt 0:00:16]} 15. Nb4 {[%emt 0:00:40]} c5 {[%emt 0:01:22]} 16. Nc2 {[%emt 0:01:21]} c4 {[%emt 0:01:12]} 17. d5 {[%emt 0:00:49]} cxd3 {[%emt 0:00:22]} 18. Qxd3 {[%emt 0:00:01]} Ne5 {[%emt 0:00:28]} 19. Qe2 {[%emt 0:00:16]} Bd7 {[%emt 0:00:23]} 20. b4 {[%emt 0:00:21]} Nac4 {[%emt 0:00:18]} 21. Nd4 {[%emt 0:00:18]} 0-1

[Event "105th British-ch 2018"]
[Site "Hull"]
[Date "2018.08.03"]
[Round "7"]
[White "Howell, David Wl"]
[Black "Eggleston, David J"]
[Result "1-0"]
[WhiteElo "2687"]
[BlackElo "2397"]
[Annotator "TA"]
[PlyCount "129"]
[EventDate "2018.07.28"]
[EventType "swiss"]
[EventCountry "GBR"]
[SourceTitle "playchess.com"]
[Source "ChessBase"]
[SourceQuality "1"]

{[%evp 18,129,24,26,52,50,39,54,90,87,95,93,94,98,83,38,74,44,75,-74,-56,-28,57,50,58,50,55,48,51,25,64,63,85,80,94,90,100,94,94,87,119,102,118,122,121,119,268,218,247,147,144,94,154,162,147,158,150,101,146,101,144,132,152,137,144,134,144,125,204,189,251,248,327,328,314,315,275,269,285,318,553,543,618,611,611,610,586,583,571,567,679,0,310,0,652,291,252,129,425,404,462,348,353,354,893,387,751,745,736,700,1115,919,1065,1058]} 1. d4 Nf6 2. c4 e6 3. Nf3 b6 4. g3 Bb7 5. Bg2 Be7 6. O-O O-O 7. Nc3 d5 8. cxd5 exd5 9. Bf4 Na6 10. Qa4 {LiveBook: 4 Games. E18: Queen's Indian: Old Main Line (4 g3 Bb7 5 Bg2 Be7 6 0-0 0-0 7 Nc3)} (10. Rc1 Re8 11. Ne5 h6 12. Qa4 Bf8 13. a3 c5 14. Rfd1 cxd4 15. Rxd4 Bc5 16. Rdd1 g5 17. b4 Bf8 18. Nxd5 Nxd5 19. Bxd5 Bxd5 {1-0 (29) Gunina,V (2518)-Jumabayev,R (2613) Almaty 2016}) 10... Re8 11. Rac1 c5 12. Rfd1 {White is slightly better.} cxd4 $146 ({Predecessor:} 12... Bd6 13. Bg5 Nb4 14. Rd2 h6 15. Bxf6 Qxf6 16. dxc5 bxc5 17. a3 d4 18. Nb5 Na6 19. Nfxd4 Bxg2 20. Qxa6 Bh3 21. Qxd6 Qxd6 22. Nxd6 Red8 23. Nb3 {1-0 (23) Ippolito,M (2280)-Duffau,P (2011) Creon 2007}) 13. Nxd4 Nc5 14. Qc2 $1 Rc8 15. Bh3 Ncd7 16. Nf5 Bc5 17. Qa4 a6 18. Nd6 (18. b4 $16 {keeps the pressure on.} Bf8 19. Qb3) 18... Bxd6 $1 $17 19. Bxd6 Nc5 (19... Rc4 $11 20. Qb3 b5) 20. Bxc5 $1 $14 Rxc5 21. Bg2 Qc8 22. Qf4 b5 23. Rd4 Rc4 24. a3 a5 25. Rcd1 b4 26. axb4 axb4 {...Rxd4 is the strong threat.} 27. Nb5 {And now Nd6 would win.} Rxd4 ({Avoid the trap} 27... Rxe2 $2 28. Rxc4 dxc4 29. Nd6 $18) 28. Nxd4 Qd8 29. e3 g6 30. Rc1 Ba8 31. Bh3 Qb6 (31... Bb7 $16 {might work better.} 32. Qc7 Qxc7 33. Rxc7 Ba8) 32. Rc7 Kg7 33. Kg2 ({White should try} 33. Bg2 $18) 33... h6 $16 {next ...Re4 is good for Black.} ({But not} 33... Re4 $2 34. Nf5+ $1 {[%mdl 512]} gxf5 35. Qg5+ Kf8 36. Qh6+ Ke8 37. Rc8+ Ke7 38. Bxf5 $18) 34. Rc1 Bb7 (34... Ne4 $142) 35. Qc7 Qxc7 36. Rxc7 Ba6 37. Ra7 Bd3 38. Rb7 g5 {White should prevent ...g4.} 39. Bf5 Bxf5 40. Nxf5+ {[%mdl 4096] Endgame KRN-KRN} Kg6 41. Nd4 Rc8 42. Rxb4 Ne4 (42... Rc1 $16 43. Rb6 g4) 43. Rb5 $18 Nc5 (43... Nf6 $142 44. Rb6 g4) 44. g4 f6 45. b4 Nd3 46. Rb7 Rc4 47. b5 h5 48. h3 {[%cal Bh2h3,Bh3g4,Bg4f5][%mdl 32]} hxg4 $2 (48... Ne5 49. gxh5+ Kxh5) 49. hxg4 Rb4 50. f3 {White wants to mate with Nf5.} Rb2+ {[#]} 51. Kf1 $1 {Threatening mate with Nf5.} f5 52. gxf5+ Kf6 53. Rb6+ Kf7 54. Rb7+ (54. Ne6 $142) 54... Kf6 55. Rb6+ $2 (55. Rh7) 55... Kf7 $1 56. Rc6 (56. Ne6 $142 Rf2+ 57. Kg1) 56... Ne5 57. Rc2 ({Better is} 57. Re6 $18 Nc4 58. Ke1) 57... Rb4 $2 {[%mdl 8192]} (57... Rxc2 $16 58. Nxc2 Nd7) 58. Ke2 {Black must now prevent Nc6.} Nc4 59. Kd3 Ra4 60. Rc3 Ra2 $2 (60... Kf6 61. Rb3 Nb6) 61. Rb3 (61. Rxc4 $142 dxc4+ 62. Kxc4) 61... Nb2+ $2 (61... Nb6 62. Nc2 Kf6) 62. Kc3 {White is clearly winning.} Na4+ 63. Kb4 Nb6 64. Kc5 Nd7+ 65. Kxd5 {Precision: White = 58%, Black = 34%.} 1-0

[Event "105th British-ch 2018"]
[Site "Hull"]
[Date "2018.08.03"]
[Round "7"]
[White "Jones, Gawain Cb"]
[Black "Adams, Michael"]
[Result "0-1"]
[WhiteElo "2670"]
[BlackElo "2706"]
[Annotator "TA"]
[PlyCount "116"]
[EventDate "2018.07.28"]
[EventType "swiss"]
[EventCountry "GBR"]
[SourceTitle "playchess.com"]
[Source "ChessBase"]
[SourceQuality "1"]

{[%evp 26,116,10,12,8,8,8,8,12,11,49,49,49,56,47,44,53,13,12,12,19,12,9,10,16,9,13,0,0,-14,-22,-60,-29,-89,-77,-90,-81,-71,-69,-206,-206,-200,-200,-203,-196,-207,-207,-199,-200,-204,-208,-221,-199,-232,-232,-313,-319,-504,-501,-561,-581,-535,-522,-614,-568,-599,-595,-645,-443,-644,-631,-630,-622,-584,-559,-454,-477,-29974,-29975,-29976,-29977,-29978,-29979,-29981,-29982,-29982,-29983,-29982,-29983,-29990,-29980,-29985,-29966]} 1. e4 e5 2. Nf3 Nc6 3. Bb5 a6 4. Ba4 Nf6 5. O-O Be7 6. Re1 b5 7. Bb3 O-O 8. a4 b4 9. d4 d6 10. dxe5 Nxe5 11. Nxe5 {C88: Closed Ruy Lopez: Anti-Marshall Systems} dxe5 12. Qxd8 (12. Qe2 a5 13. Nd2 Bc5 14. Nf3 Qe7 15. Be3 Ba6 16. Bxc5 Qxc5 17. Qe3 Qxe3 18. Rxe3 Rfe8 {½-½ (34) Karjakin,S (2753)-Carlsen,M (2834) Wijk aan Zee 2018}) 12... Rxd8 13. Nd2 {[%cal Bb1d2,Bd2f3,Bf3e5][%mdl 32]} Bc5 14. Nf3 {LiveBook: 5 Games} Bb7 15. Nxe5 Nxe4 16. Kf1 $146 ({Predecessor:} 16. Be3 Bd5 17. Bxd5 Rxd5 18. Nc6 Rd6 19. Bxc5 Nxc5 20. Nxb4 {½-½ (35) Bondi,A (2356)-Cortigiani,M (2234) ICCF email 2017}) 16... Kf8 17. a5 Bd4 18. Nxf7 Rd7 19. Ng5 Nxg5 20. Bxg5 {And now Be6 would win.} Bxb2 21. Rad1 (21. Be3 {looks sharper.} Bxa1 22. Bc5+ Rd6 23. Rxa1 Rb8 24. Re1) 21... Rxd1 22. Rxd1 {Hoping for Rd7.} Bc6 23. Bf4 Bb5+ 24. Kg1 Rc8 $1 25. Rd5 Bf6 26. Rh5 h6 27. Rf5 Ke8 28. Rc5 Rd8 {[%cal Rd8d1]} 29. h3 (29. c4 $11 {keeps the balance.} bxc3 30. Rxc7) 29... c6 $17 30. Rf5 Bd4 31. Bc7 Rd7 32. Bb6 {[#]} (32. Be5 $1 $15) 32... Bxb6 $1 $19 33. axb6 {[%mdl 4096] Endgame KRB-KRB} Rb7 34. c4 bxc3 35. Rc5 Rxb6 36. Rxc3 a5 {[%cal Ba6a5,Ba5a4][%mdl 32]} 37. f4 a4 38. Ba2 Rb7 39. f5 Rd7 40. Rg3 Kf8 41. f6 (41. Rc3 $142) 41... gxf6 42. Rg8+ Ke7 43. Rg7+ Kd8 44. Rg6 Rd2 45. Bg8 a3 46. Rxf6 a2 47. Bxa2 Rxa2 48. Rxh6 {KRB-KR} c5 {[%cal Bc6c5,Bc5c4][%mdl 32]} 49. Rh5 Rc2 50. h4 Ke7 51. g4 {[#]} (51. Rh7+ $19 Kf6 52. Rh8) 51... Bd3 {Black mates.} 52. Rd5 c4 53. h5 Ke6 54. Rc5 Kd6 55. Rc8 Ke5 56. Re8+ Kf4 57. h6 Kg5 58. Rh8 Kg6 {Precision: White = 39%, Black = 89%.} 0-1

[Event "105th British-ch 2018"]
[Site "Hull"]
[Date "2018.08.03"]
[Round "7"]
[White "Mcshane, Luke J"]
[Black "Hebden, Mark"]
[Result "1/2-1/2"]
[WhiteElo "2669"]
[BlackElo "2423"]
[Annotator "RC"]
[PlyCount "72"]
[EventDate "2018.07.28"]
[EventType "swiss"]
[EventCountry "GBR"]
[SourceTitle "playchess.com"]
[Source "ChessBase"]
[SourceQuality "1"]
[TimeControl "40/5400+30:1800+30"]

1. e4 {[%emt 0:00:00]} e5 {[%emt 0:00:10]} 2. Nf3 {[%emt 0:00:00]} Nc6 {[%emt 0:00:10]} 3. Bc4 {[%emt 0:00:01]} Nf6 {[%emt 0:00:16]} 4. d3 {[%emt 0:00:05]} Be7 {[%emt 0:00:08]} 5. O-O {[%emt 0:00:06]} O-O {[%emt 0:00:07]} 6. Re1 {[%emt 0:00:08]} d6 {[%emt 0:00:05]} 7. c3 {[%emt 0:00:08]} Na5 {[%emt 0:01:56]} 8. Bb5 {[%emt 0:00:05]} a6 {[%emt 0:00:11]} 9. Ba4 {[%emt 0:00:04]} b5 {[%emt 0:00:08]} 10. Bc2 {[%emt 0:00:06]} c5 {[%emt 0:00:10]} 11. Nbd2 {[%emt 0:00:06]} Re8 {[%emt 0:05:43]} 12. Nf1 {[%emt 0:00:07]} h6 {[%emt 0:01:08]} 13. h3 {[%emt 0:01:20]} Bf8 {[%emt 0:00:29]} 14. Ne3 {[%emt 0:09:56]} Bb7 {[%emt 0:07:53]} 15. Nh2 {[%emt 0:07:51]} d5 {[%emt 0:04:27]} 16. Nhg4 {[%emt 0:02:04]} dxe4 {[%emt 0:02:46]} 17. Nxf6+ {[%emt 0:02:25]} Qxf6 {[%emt 0:00:17]} 18. dxe4 {[%emt 0:00:03]} Rad8 {[%emt 0:00:19]} 19. Qe2 {[%emt 0:05:43]} Bc8 {[%emt 0:06:50]} 20. a4 {[%emt 0:28:15]} b4 {[%emt 0:00:33]} 21. Nd5 {[%emt 0:00:03]} Qg6 {[%emt 0:02:55]} 22. Kh1 {[%emt 0:00:49]} Bb7 {[%emt 0:15:38]} 23. cxb4 {[%emt 0:21:43]} cxb4 {[%emt 0:01:22]} 24. Be3 {[%emt 0:00:27]} Rc8 {[%emt 0:02:50]} 25. Rad1 {[%emt 0:04:33]} Nc4 {[%emt 0:04:14]} 26. Bc1 {[%emt 0:00:31]} Nb6 {[%emt 0:07:12]} 27. Nxb6 {[%emt 0:00:57]} Qxb6 {[%emt 0:00:03]} 28. Bb3 {[%emt 0:00:10]} Rc7 {[%emt 0:02:46]} 29. Be3 {[%emt 0:03:45]} Bc5 {[%emt 0:00:29]} 30. Bxc5 {[%emt 0:00:24]} Qxc5 {[%emt 0:00:16]} 31. Rd3 {[%emt 0:01:35]} Bc8 {[%emt 0:06:13]} 32. Red1 {[%emt 0:01:02]} Be6 {[%emt 0:05:15]} 33. Kg1 {[%emt 0:07:53]} Bxb3 {[%emt 0:02:51]} 34. Rxb3 {[%emt 0:00:01]} Re6 {[%emt 0:05:29]} 35. Rf3 {[%emt 0:01:30]} Rd6 {[%emt 0:01:35]} 36. Kh2 {[%emt 0:00:43]} Rcd7 {[%emt 0:01:31]} 1/2-1/2

[Event "105th British-ch 2018"]
[Site "Hull"]
[Date "2018.08.03"]
[Round "7"]
[White "Fodor, Tamas Jr"]
[Black "Adair, James R"]
[Result "1/2-1/2"]
[WhiteElo "2506"]
[BlackElo "2492"]
[Annotator "TA"]
[PlyCount "134"]
[EventDate "2018.07.28"]
[EventType "swiss"]
[EventCountry "GBR"]
[SourceTitle "playchess.com"]
[Source "ChessBase"]
[SourceQuality "1"]

{[%evp 21,134,17,9,-4,-12,-19,-18,-20,-18,-16,-26,-29,-25,-28,-25,-19,-15,-35,-32,-37,-10,-27,-25,-39,-14,-16,0,0,14,0,0,0,0,0,0,0,0,0,12,0,0,0,0,-29,-33,-51,0,0,0,-54,-37,-74,-57,-64,-43,-50,-44,-87,-22,-62,-50,-148,-145,-177,-162,-154,-174,-399,-129,-164,-181,-176,-169,-158,-77,-81,-74,-86,0,0,0,-34,0,-41,-48,-39,-36,-60,0,-127,-125,-100,-115,-127,0,0,0,0,0,0,0,0,0,0,0,0,0,0,0,0,0,0,0,0,0]} 1. c4 e5 2. g3 Nf6 3. Bg2 d5 4. cxd5 Nxd5 5. Nc3 Nb6 6. Nf3 Nc6 7. O-O Be7 8. Rb1 a5 9. d3 O-O 10. Be3 Be6 11. a3 f5 {LiveBook: 4 Games. A29: English Opening: Four Knights Variation with 4 g3} (11... Nd5 12. Nxd5 Bxd5 13. Rc1 a4 14. Qc2 Re8 15. Rfe1 f5 16. Bc5 Bf6 17. e4 fxe4 18. dxe4 Bb3 19. Qc3 Qd7 20. Bf1 Red8 21. Bc4+ Bxc4 22. Qxc4+ {1-0 (82) Karjakin,S (2781)-Vachier Lagrave,M (2796) Paris 2017}) 12. Qc1 a4 $146 ({Predecessor:} 12... Nd5 13. Ng5 Bxg5 14. Bxg5 Qd7 15. Nxd5 Bxd5 16. Be3 Rae8 17. Bxd5+ Qxd5 18. Qc4 Qxc4 19. dxc4 {1-0 (77) Domonkos,A-Kutasi,K (1943) Veszprem 2008}) 13. Ng5 Bb3 14. Bxc6 bxc6 15. Nf3 Bd6 16. Nd2 Be6 17. f3 Qe8 18. Kh1 c5 19. Nd1 Qc6 20. Bf2 Nd5 21. e4 fxe4 22. dxe4 Nb6 23. Qc3 Rf6 24. Rc1 {[%cal Rf2c5]} Nd7 25. Be3 Rb8 26. Kg2 Qb5 27. Rf2 Qa6 28. Qc2 Kh8 29. Nc3 Nb6 30. h4 Rff8 31. h5 h6 32. Rh1 Be7 33. Nf1 Bc4 (33... Rbd8 $15) 34. Nh2 $11 Bd3 35. Qc1 (35. Qd1 $11) 35... Nc4 $15 36. Ng4 Qe6 $1 37. Rd1 Nxe3+ 38. Nxe3 c4 $36 {[%mdl 2048] Black fights for an advantage.} 39. Nxa4 {White wants to play b4.} Qa6 ({Better is} 39... Bg5 $17) 40. Nc3 Bc5 {[%mdl 1024] Black has compensation.} 41. Re1 (41. Ncd5 $1 $15 Qa7 42. Re1) 41... Rb3 $1 $17 42. Rd2 Qf6 43. Nf5 Qg5 44. Nd5 $2 (44. a4) 44... Qxh5 $2 (44... Rxf5 $19 {and Black stays clearly on top.} 45. exf5 e4 46. Rxd3 Qxc1 47. Rxc1 exd3) 45. Nde3 Qg5 {...g6 is the strong threat.} 46. Rxd3 Rxd3 47. Nxc4 {[#]} Qxc1 (47... g6 $142 $1 {[%cal Rg6f5]} 48. Qxg5 hxg5) 48. Rxc1 Bd4 49. Rc2 Rb3 (49... Re8 $17) 50. Na5 $11 Rd3 51. Nc6 Ra8 52. Nb4 Rb3 53. Rxc7 Rxb2+ 54. Kh3 $1 Rxa3 ({Black should try} 54... Ra7 $15 55. Rc8+ Kh7) 55. Nd5 {[#]} (55. Nc6 $11 {remains equal.}) 55... Ra7 $1 $17 {[%cal Ra7c7] aiming for ...Rxc7.} ({Much worse is} 55... Rxf3 $6 56. Rc8+ Kh7 57. Rc7 $11) 56. Rc6 Kh7 57. Nde7 {intending Rg6.} Rba2 (57... Rb8 $17 {Threatens to win with ...Rba8.} 58. Kg4 Rf8) 58. Rg6 $1 $11 {[%cal Rg6g7] [#]The position is equal.} Rxe7 $1 {[%mdl 512]} 59. Nxe7 {[%mdl 4096] Endgame KRB-KRN} Bc5 60. Re6 Bxe7 61. Rxe7 {KR-KR} Ra5 62. Kg4 Kg6 63. Re6+ Kf7 64. Rb6 Ra3 65. f4 exf4 66. gxf4 Ra5 67. e5 Ra4 {Precision: White = 51%, Black = 59%.} 1/2-1/2

[Event "105th British-ch 2018"]
[Site "Hull"]
[Date "2018.08.03"]
[Round "7"]
[White "Ghasi, Ameet K"]
[Black "Payne, Matthew J"]
[Result "1-0"]
[WhiteElo "2494"]
[BlackElo "2113"]
[Annotator "TA"]
[PlyCount "69"]
[EventDate "2018.07.28"]
[EventType "swiss"]
[EventCountry "GBR"]
[SourceTitle "playchess.com"]
[Source "ChessBase"]
[SourceQuality "1"]

{[%evp 15,69,7,17,12,39,21,81,69,83,63,77,70,104,69,64,68,94,63,68,51,82,66,79,35,39,45,133,132,129,112,163,177,218,218,225,199,170,187,325,314,368,371,364,351,430,415,415,417,387,365,563,581,684,684,663,663]} 1. Nf3 Nf6 2. g3 g6 3. b3 Bg7 4. Bb2 O-O 5. Bg2 d6 6. c4 e5 7. O-O Nc6 8. Nc3 Be6 9. Rc1 {A15: English Opening: 1...Nf6} Qd7 $146 ({Predecessor:} 9... Ne8 10. e3 f5 11. d4 Bd7 12. dxe5 dxe5 13. Qe2 e4 14. Ne1 Nf6 15. Ba3 Re8 16. Rd1 Ne5 {½-½ (42) Zhang,F (2248)-Lu,K (1681) Shenzhen 2018}) 10. Ng5 Nd8 (10... Bf5 $11 {keeps the balance.}) 11. Nxe6 {White is better.} fxe6 12. b4 {[%cal Bb3b4,Bb4b5][%mdl 32]} Nf7 13. b5 d5 14. d3 a6 15. Qb3 {[%cal Rc4d5]} Rfd8 16. a4 c6 17. e3 d4 18. exd4 exd4 19. Ne4 Nxe4 20. Bxe4 Ng5 {[#]} ({Better is} 20... cxb5 $14 21. axb5 (21. cxb5 axb5 22. axb5 Ra5 $11) 21... axb5) 21. Bg2 $1 $36 {[%mdl 2048] White is really pushing.} e5 22. h4 Ne6 {[#]} (22... Nf7 $16) 23. Ba3 $1 $18 axb5 24. cxb5 cxb5 25. Bh3 Re8 26. axb5 {[%cal Ba4b5,Bb5b6][%mdl 32]} Kh8 (26... Qf7 $142 27. Bg2 Ra5) 27. b6 Qa4 28. Qxa4 ({Less strong is} 28. Bxe6 Qxb3 29. Bxb3 Rxa3 $16) 28... Rxa4 29. Bd6 h5 30. Bg2 Ra6 31. Rb1 Nd8 32. Rfc1 Re6 (32... Ra8 {was called for.} 33. Rc7 Bf8 34. Bxb7 Nxb7 35. Bxf8 Rxf8 36. Rxb7 Kg8) 33. Bc7 {White is clearly winning.} Bf6 34. Bxd8 Bxd8 35. Rc8 {Precision: White = 76%, Black = 33%.} 1-0